US Army Officer Ranks By Clue Quiz Stats

Quiz not verified by Sporcle

Challenge
Share
Tweet
Embed
Score 0/11 Timer 05:00
0 Plays Today
Clue Rank % Correct
Commands and controls company-sized units (62 to 190 Soldiers)Captain
86.2%
A seasoned lieutenant with 18 to 24 months service. Often selected to be the Executive Officer of a company-sized unit (110 to 140 personnel)First Lieutenant
84.6%
The senior level of Commissioned Officer typically has over 30 years of experience and service. Commands all operations that fall within their geographical areaGeneral
83.6%
Typically the entry-level rank for most Commissioned Officers. Leads platoon-size elements (16 to 44 SoldiersSecond Lieutenant
82.9%
Typically commands brigade-sized units (3,000 to 5,000 Soldiers)Colonel
82.2%
Typically commands battalion-sized units (300 to 1,000 Soldiers)Lieutenant Colonel
78.5%
Typically commands division-sized units (10,000 to 15,000 Soldiers)Major General
75.2%
Typically commands corps-sized units (20,000 to 45,000 Soldiers)Lieutenant General
74.8%
This is only used in time of War where the Commanding Officer must be equal or of higher rank than those commanding armies from other nations. General of the Army
72.1%
Serves as primary Staff Officer for brigade and task force command regarding personnel, logistical and operational missionsMajor
71.5%
Serves as Deputy Commander to the commanding general for Army divisions. Assists in overseeing the staff's planning and coordination of a missionBrigadier General
67.1%

You're not logged in!

Compare scores with friends on all Sporcle quizzes.
Sign Up with Email
OR
Log In

You Might Also Like...

Show Comments

Extras

Top Quizzes Today


Score Distribution

Your Account Isn't Verified!

In order to create a playlist on Sporcle, you need to verify the email address you used during registration. Go to your Sporcle Settings to finish the process.